| 000 | 00859cab a2200193 4500 | ||
|---|---|---|---|
| 001 | ABS42445 | ||
| 008 | 090401t xxu||||| |||| 00| 0 eng d | ||
| 035 | _a(Sirsi) u36862 | ||
| 041 | _aeng | ||
| 100 | _aMorgan, D. | ||
| 245 | _aValuation of licensed premises | ||
| 260 | _c8(2) Winter 1989/90, 189-197(5) | ||
| 350 | _a0 | ||
| 490 |
_aJournal of Valuation _v8(2) Winter 1989/90, 189-197(5) |
||
| 520 | _aExamines the history of the valuation of licensed premises covering the 1950s and 1960s when the market was dominated by the major breweries and their system of managed or tenanted licensed property and explains how to value a public house , in particular looking at the effects of fixtures and fittings , goodwill , rent reviews , and capital values of leasehold interests. | ||
| 690 | _aRATING AND VALUATION | ||
| 942 | _n0 | ||
| 948 | _c04/03/1997 | ||
| 999 |
_c23854 _d23854 |
||